|
|
|
|
| LEADER |
00722nam a2200145Ia 4500 |
| 008 |
150624b xxu||||| |||| 00| 0 eng d |
| 082 |
|
|
|a 297.44
|
| 100 |
|
|
|a Safia Iqbal
|
| 245 |
|
|
|a Women and Islamic law /
|c Safia Iqbal
|
| 260 |
|
|
|a Delhi :
|b Adam Pub.,
|c 1991.
|
| 300 |
|
|
|a 316 p.
|
| 505 |
|
|
|a 1.Role and status of women in society 2.Women's rights: genesis of Muslim personal law 3.Marriage 4. Succession and Auqaf 5.Divorce-Khula-Halala 6. Maintenance of women 7. Questions about Muslim personal law 8. Ijtehad-the system 9.Uniform civil
|
| 942 |
|
|
|c BK
|
| 999 |
|
|
|c 45332
|d 45332
|
| 952 |
|
|
|0 0
|1 0
|4 0
|6 297_440000000000000_SAF_W
|7 0
|9 45320
|a UL
|b UL
|c ST1
|d 1998-08-28
|l 6
|m 1
|o 297.44 SAF/W
|p 66686
|r 2017-12-09
|s 2017-11-01
|w 2012-10-27
|y BK
|